| 000 | 00542nam a22001577a 4500 | ||
|---|---|---|---|
| 999 |
_c534836 _d534836 |
||
| 020 | _qHard Cover. | ||
| 082 | _a621.3678 | ||
| 100 | _aMuhammad Waqas Raja. | ||
| 245 |
_aFormation of near Optimal Solution for Raster Region having Max / Min Cell Value / _cMuhammad Waqas Raja. |
||
| 260 |
_aIslamabad. _bIGIS - NUST, _c2013. |
||
| 300 |
_aix, : 50 p. ill. ; _c30cm. |
||
| 942 |
_2ddc _cTHE |
||
| 650 |
_aMS Thesis Remote Sensing and GIS. _929221 |
||
| 700 |
_aDr. Rizwan Bulbul. _929225 |
||